| 000 | 00904nam a22002057a 4500 | ||
|---|---|---|---|
| 001 | HIN-125834 | ||
| 003 | dpl | ||
| 005 | 20230911172828.0 | ||
| 008 | 230906b |||||||| |||| 00| 0 eng d | ||
| 010 | _aHN-98180 | ||
| 040 | _cDBAD/PUB | ||
| 082 |
_2द्वितीय संस्करण 2016 _a158.1 |
||
| 100 |
_aग्रोवर, लीना _956005 |
||
| 245 |
_aआनंद - बिंदु/ _hहिंदी |
||
| 250 | _aद्वितीय संस्करण | ||
| 260 |
_a"विपुल" 28/16 बी. जी. खेरमार्ग मालावार हिल मुंबई 400006 _bसत्साहित पर्काशन ट्रस्ट _c2016 |
||
| 300 |
_a184 प. _c22सेमी (अजिल्द) |
||
| 700 |
_956009 _aविशम्भरनाथ द्रिवेदी |
||
| 942 |
_2ddc _cHN _h158.1 _mग्रोवर |
||
| 999 |
_c197904 _d197904 |
||